Bevölkerungsreichste Länder nach Anfangsbuchstaben - Statistiken

Allgemein
  • Dieses Quiz wurde 123 mal gespielt
  • Das Durchschnittsergebnis liegt bei 16 aus 22
Antwortstatistiken
Anfangsbuchstabe Einwohnerzahl Land % Korrekt
D 83,3 Mio. Deutschland
99%
C 1411 Mio. China
98%
I 1438 Mio. Indien
97%
F 68,3 Mio. Frankreich
95%
B 211,1 Mio. Brasilien
90%
R 143,8 Mio. Russland
89%
J 124,5 Mio. Japan
86%
V 340,1 Mio. Vereinigte Staaten
79%
P 247,5 Mio. Pakistan
74%
H 11,6 Mio. Haiti
73%
N 227,9 Mio. Nigeria
72%
M 129,7 Mio. Mexiko
65%
Z 5,2 Mio. Zentralafrikanische Republik
63%
O 9,1 Mio. Österreich
62%
T 85,3 Mio. Türkei
62%
G 33,8 Mio. Ghana
60%
A 128,7 Mio. Äthiopien
55%
U 48,7 Mio. Uganda
53%
K 105,8 Mio. Demokratische Republik Kongo
51%
L 7,7 Mio. Laos
50%
E 31,2 Mio. Elfenbeinküste
43%
S 63,2 Mio. Südafrika
39%
Keine übereinstimmenden Quizze gefunden
Verteilung der Resultate
Anzahl Personen mit jedem Resultat
Perzentil nach korrekt beantworteten Fragen
Ihre Resultats-Entwicklung
Sie haben dieses Quiz noch nicht gespielt